000 01139nam a2200349 i 4500
003 EG-GICUC
005 20260124132148.0
008 260124s1998 fr ||||fr|||| 001 0 fre d
040 _aEG-GiCUC
_bfre
_cEG-GiCUC
_dEG-GiCUC
_eRda
041 _afre
082 0 4 _221
_a341.301
_bDE . M
092 0 4 _221
099 _aLaw1 11 341.301 DE . M 1998
100 1 _a De Senarclens, Pierre
_eAuteur
245 1 0 _aMondialisation, Souveraineté :
_bEt Théories Des Relations Internationales /
_cPierre De Senarclens.
250 _aTroisième Édition
264 1 _aParis :
_bArmand Colin,
_c1998.
300 _a218 page ;
_c 24 cm.
_billustration ;
336 _2rda contenu
_a texte
337 _2rda medias
_aOrdinateur
338 _2 transporteur rda
_a Ressource en ligne
504 _aBibliography: pages 206-210.
546 _aTexte en français
650 1 4 _aRelations internationales
_2qrmak
650 1 4 _2qrmak
650 1 4 _a Droit international
_2qrmak
650 1 4 _aDroit de la mer
_2qrmak
651 1 _2qrmak
856 4 0 _uhttps://fll.law.cu.edu.eg/fulltext/bks/B11-06544.pdf
905 _a79
942 _2ddc
_cBK
_e21
_n0
999 _c58867
_d58867